1445 1377 1529 1702 1097 1434 1549 1996 1793 1029 1114 1027 1221 1978 1091 1277 1337 1123 1535 1015 1961 1865 1243 1771 1725 1462 1050 1551 1077 1378 1005 1705 1309 1208 1654 1475 1672 1124 1199 1951 1695 1764 1902 1017 1843 1148 1050 1189 1682 1203 1622 1951 1018 1208 1970 1142 1571 1410 1220 1452 1824 1911 1453 1233 1498 1471 1116 1413 1496 1353 1781 1129 1402 1824 1968 1686 1877 1665 1697 1465 1336 1315 1357 1588 1351 1318 1437 1483 1988 1463 1584 1746 1746 1790 1309 1639 1189 1097 1684 BCNSPRNW ULIB Ver.6.0+V

เปลี่ยนเป็นภาษาไทย

Change to English
 แสดงรายละเอียดบรรณานุกรม
  กลับหน้าหลัก

Brief Record : Get Marc (ISO 2709) : E-mail record : QR code < ปิดหน้าต่าง
LEADER : 00000nam 2200000uu 4500
001    13399108809
003     ULIB
008    110315s2543||||th 000 0 tha d
020    9743333797
060 04 W50^bจ167 2543
245 00 จริยธรรมในเวชปฎิบัติ /^cสุขิต เผ่าสวัสดิ์ ... [และคนอื่นๆ]
260    กรุงเทพฯ :^bโรงพิมพ์แห่งจุฬาลงกรณ์มหาวิทยาลัย,^c2543
300    ก-ซ, 281 หน้า ;^c26 ซม.
591    LISI มีปี 2543, 2545
591    LIRA มีปี 2543, 2545, 2546
650  2 Ethics Medical
650  7 จรรยาบรรณแพทย์
700 0  สุขิต เผ่าสวัสดิ์
945    ^p150^l0^i017672
945    ^p150^l0^i015188
995    ทศพร
999 ^a ใช้งานได้ทุกระบบ
รายการนี้ยังไม่มีแท็ก
คุณยังไม่ได้ล็อกอิน คุณสามารถมีกิจกรรมร่วมกับเว็บไซต์ได้ แต่ต้องล็อกอินก่อน ::
  ล็อกอิน

รายการสื่อสารสนเทศ

ลำดับที่ ประเภท เลขเรียก/บาร์โค้ด สถานที่ สถานะ
- ไม่พบข้อมูล -

รายการใกล้เคียง
    หัวเรื่อง [จรรยาบรรณแพทย์]

BibComment


ยังไม่เคยถูกคอมเมนท์

คอมเมนท์ทรัพยากรรายการนี้
  คอมเมนท์: จริยธรรมในเวชปฎิบ..


 Copyright 2026. Bcnsprnw @Library